<?xml version="1.0" encoding="UTF-8"?>
<marc:record xmlns:marc="http://www.loc.gov/MARC21/slim">
   <marc:leader>00000nam a2200000 a 4500</marc:leader>
   <marc:datafield ind1="1" ind2=" " tag="100">
      <marc:subfield code="a">Tanaka, Shelley</marc:subfield>
      <marc:subfield code="4">aut</marc:subfield>
      <marc:subfield code="e">Verfasser/-in</marc:subfield>
   </marc:datafield>
   <marc:datafield ind1="1" ind2=" " tag="100">
      <marc:subfield code="a">Ruhl, Greg</marc:subfield>
      <marc:subfield code="4">aut</marc:subfield>
      <marc:subfield code="e">Verfasser/-in</marc:subfield>
   </marc:datafield>
   <marc:datafield ind1=" " ind2=" " tag="653">
      <marc:subfield code="a">Vesuv &lt;Jugendbuch</marc:subfield>
   </marc:datafield>
   <marc:datafield ind1=" " ind2=" " tag="653">
      <marc:subfield code="a">79 n. Chr.&gt;</marc:subfield>
   </marc:datafield>
   <marc:datafield ind1=" " ind2=" " tag="653">
      <marc:subfield code="a">Herculaneum &lt;Jugendbuch&gt;</marc:subfield>
   </marc:datafield>
   <marc:datafield ind1=" " ind2=" " tag="653">
      <marc:subfield code="a">Vulkane &lt;Jugendbuch&gt;</marc:subfield>
   </marc:datafield>
   <marc:datafield ind1=" " ind2=" " tag="653">
      <marc:subfield code="a">Archäologie &lt;Jugendbuch&gt;</marc:subfield>
   </marc:datafield>
   <marc:datafield ind1=" " ind2=" " tag="653">
      <marc:subfield code="a">Pompeji &lt;Jugendbuch&gt;</marc:subfield>
   </marc:datafield>
   <marc:datafield ind1="0" ind2="0" tag="245">
      <marc:subfield code="a">Pompeji - die begrabene Stadt</marc:subfield>
   </marc:datafield>
   <marc:datafield ind1="0" ind2="0" tag="245">
      <marc:subfield code="c">Shelley Tanaka ; Greg Ruhl</marc:subfield>
   </marc:datafield>
   <marc:datafield ind1=" " ind2="1" tag="264">
      <marc:subfield code="a">Reinbek</marc:subfield>
      <marc:subfield code="b">Carlsen</marc:subfield>
      <marc:subfield code="c">1998</marc:subfield>
   </marc:datafield>
   <marc:datafield ind1="1" ind2=" " tag="520">
      <marc:subfield code="a">Dieses recht gut aufgemachte Sachbuch setzt den Themenkomplex "Pompeji" in Form einer Rahmenerzählung kindgerecht und exemplarisch in Wort und Bild um.  Dabei können die zahlreichen Informationen den Bildern selbst oder - vom Textverlauf abgesetzten - Informationsblöcken entnommen werden. Die übersichtlich gestalteten Abschnitte erlauben sowohl ein kontinuierliches als auch selektives Lesen und ermöglichen in Verbindung mit dem Glossar im Anhang auch einen individuellen Zugang zur Materie.   Anschauliches Fotomaterial und die Rahmenhandlung begleitende realistische Illustrationen erwecken die  versunkene Stadt wieder zum Leben. Der Besuch der Ruinen von Pompeji wird somit für den Leser nicht nur zu einer Reise in eine versunkene Welt, sondern auch zum Anreiz, sich mit der faszinierenden Kultur der Römer auseinanderzusetzen.  *ag* Gottfried Annau</marc:subfield>
   </marc:datafield>
   <marc:datafield ind1=" " ind2=" " tag="020">
      <marc:subfield code="a">9783551209566</marc:subfield>
      <marc:subfield code="9">9783551209566</marc:subfield>
   </marc:datafield>
   <marc:datafield ind1=" " ind2=" " tag="020">
      <marc:subfield code="a">3551209561</marc:subfield>
      <marc:subfield code="9">3551209561</marc:subfield>
   </marc:datafield>
   <marc:datafield ind1=" " ind2=" " tag="300">
      <marc:subfield code="a">48 S. : überw. Ill.</marc:subfield>
   </marc:datafield>
</marc:record>
